| 000 | 00986cab a2200277 4500 | ||
|---|---|---|---|
| 001 | ABS49783 | ||
| 008 | 090401t1993 xxu||||| |||| 00| 0 eng d | ||
| 035 | _a(Sirsi) u72732 | ||
| 041 | _aeng | ||
| 100 | _aJolly, B. | ||
| 245 | _aUniversity challenge | ||
| 260 | _c1993 | ||
| 350 | _a0 | ||
| 490 |
_aBuilding Market Report _vDecember 1993, 8-9(2) |
||
| 520 | _aWith the change of status to universities, Britain`s former polytechnics and colleges have to compete for students. Notes increasing demand for, and expectations of, student accommodation; points to opportunities for construction; and warns of the difficulties of meeting cost and maintenance constraints. | ||
| 650 | _aCONSTRUCTION MARKET | ||
| 650 | _aEDUCATION SECTOR | ||
| 650 | _aFORECASTS | ||
| 650 | _aHALLS OF RESIDENCE | ||
| 650 | _aProcurement-old | ||
| 650 | _aSTUDENT ACCOMMODATION | ||
| 650 | _aUNIVERSITIES | ||
| 690 | _aPROPERTY-PROPERTY DEVELOPMENT | ||
| 942 | _n0 | ||
| 948 | _c04/03/1997 | ||
| 999 |
_c45968 _d45968 |
||